01385nam a22002297a 45000010005000000030006000050050017000110080041000280200018000690400029000870500015001160820011001311000021001422450105001632600044002683000043003125200615003556500027009709420015009979990015010129520128010273341FISKH20240228153403.0240228b cb ||||| |||| 00| 0 eng d a9781929683222 aFISKHbengcFISKHdFISKH aPE1130.C4  a372.4  aStrayer, Debbie  aLearning language arts through literature: bThe yellow book /cby Debbie Strayer and Susan Simpson aUnited States : bCommon Sense, c1998. a302 pages : billustrations ; c28 cm  a36 weekly lessons (which includes 4 Book Studies) divided into easy-to-use daily plans. The following 4 books may be used for the Book Studies or you may use other stories which are included in the book: The White Stallion by Elizabeth Shub Madeline by Ludwig Bemelmans Meet George Washington by Joan Heilbroner The Courage of Sarah Noble by Alice Dalgliesh Integrated language lessons include: phonics, reading, spelling, grammar, phonics review and higher order thinking skills. Spelling: Focus on Spelling tips help with memorization of spelling rules. Suggested spelling lists are included for each lesson! aLanguage ArtsxGrammar 2ddccBKn0 c3341d3341 00102ddc40708NFICa001b001cTKSNFd2024-02-28l0oSTR 372.4 PE1130.C4pFISSE03419r2024-02-28 15:23:09w2024-02-28yBK